[Event "Eastern Asia-ch U12 Girls"]
[Site "Tornelo INT"]
[Date "2021.10.24"]
[Round "8"]
[White "Imani, Adrina"]
[Black "Huynh, Phuc Minh Phuong"]
[Result "1-0"]
[WhiteElo "1404"]
[BlackElo "1185"]
[PlyCount "153"]
[EventDate "2021.10.22"]
[EventType "swiss"]
[EventRounds "9"]
[EventCountry "NET"]
[SourceTitle "EXT 2023"]
[Source "ChessBase"]
[SourceDate "2022.10.05"]
[SourceVersion "1"]
[SourceVersionDate "2022.10.05"]
[SourceQuality "1"]

1. d4 d5 2. c4 c6 3. Nc3 Nf6 4. e3 dxc4 5. Bxc4 b5 6. Bd3 a6 7. Nf3 Bb7 8. 0-0 e6 9. e4 c5 10. dxc5 Bxc5 11. Qe2 0-0 12. Bg5 h6 13. Bh4 Be7 14. Rad1 Qc7 15. Bb1 Nbd7 16. Qc2 e5 17. Bg3 Rac8 18. Qe2 Bd6 19. a3 Nc5 20. Nh4 Ncd7 21. Nf5 Bxa3 22. bxa3 Qxc3 23. Ne7+ Kh8 24. Nxc8 Rxc8 25. Rd3 Qc4 26. Rd2 Qxe2 27. Rxe2 Rc3 28. Re3 Rxe3 29. fxe3 Kg8 30. Rd1 Kf8 31. Be1 Ke8 32. Rd6 Ng4 33. Bd2 Ngf6 34. Be1 Ng4 35. Bf2 Ngf6 36. h3 Bxe4 37. Bxe4 Nxe4 38. Rxa6 Ndc5 39. Ra5 Nd3 40. Rxb5 Nexf2 41. Rb3 e4 42. Rb1 f5 43. a4 f4 44. exf4 e3 45. a5 Nc5 46. Re1 Nfd3 47. Rxe3+ Kd7 48. a6 Kc6 49. a7 Kb7 50. Re7+ Ka8 51. f5 Nb4 52. Rxg7 Nd5 53. Rg6 Ne4 54. Rxh6 Kxa7 55. Re6 Nef6 56. g4 Kb7 57. g5 Nh5 58. f6 Ndf4 59. Re7+ Kc6 60. f7 Ng6 61. Re6+ Kd7 62. Rxg6 Ke7 63. Ra6 Kxf7 64. Kf2 Nf4 65. h4 Nd3+ 66. Ke3 Ne5 67. Ke4 Ng4 68. Kf4 Nf2 69. h5 Nd3+ 70. Kf5 Nc5 71. Ra7+ Kg8 72. Kg6 Ne6 73. Ra8+ Nf8+ 74. Rxf8+ Kxf8 75. Kh7 Kf7 76. g6+ Kf6 77. g7 1-0

[Event "Eastern Asia-ch U12 Girls"]
[Site "Tornelo INT"]
[Date "2021.10.24"]
[Round "7"]
[White "Newansa, M Esandi"]
[Black "Imani, Adrina"]
[Result "1-0"]
[WhiteElo "1126"]
[BlackElo "1404"]
[PlyCount "123"]
[EventDate "2021.10.22"]
[EventType "swiss"]
[EventRounds "9"]
[EventCountry "NET"]
[SourceTitle "EXT 2023"]
[Source "ChessBase"]
[SourceDate "2022.10.05"]
[SourceVersion "1"]
[SourceVersionDate "2022.10.05"]
[SourceQuality "1"]

1. d4 Nf6 2. Bf4 g6 3. e3 Bg7 4. Nf3 0-0 5. c3 d6 6. h3 c5 7. dxc5 dxc5 8. Qxd8 Rxd8 9. Nbd2 Nc6 10. Bb5 Bd7 11. 0-0 a6 12. Be2 e5 13. Nxe5 Nxe5 14. Bxe5 Bxh3 15. Nb3 Bf5 16. Bf3 Nd7 17. Bxg7 Kxg7 18. Bxb7 Ra7 19. Bf3 Rb8 20. Bd5 Nb6 21. e4 Nxd5 22. exd5 Bd3 23. Rfd1 Bc2 24. Rd2 Bxb3 25. axb3 Rxb3 26. c4 Kf6 27. Ra5 Rb6 28. Rxc5 Ke7 29. Ra5 Rab7 30. Kf1 Rxb2 31. Rxb2 Rxb2 32. Rxa6 Rc2 33. Rc6 Kd7 34. g3 h5 35. Kg2 Rc3 36. Kh3 g5 37. Kg2 g4 38. Rf6 Ke7 39. Rf4 Kd6 40. Kf1 Rc2 41. Ke1 Ke7 42. Kd1 Ra2 43. Re4+ Kd6 44. Re2 Ra1+ 45. Kd2 Ra2+ 46. Kd3 Ra3+ 47. Kd4 Ra4 48. Re5 Rxc4+ 49. Kxc4 Kxe5 50. Kc5 Ke4 51. d6 Kf3 52. d7 Kxf2 53. d8Q Kxg3 54. Kd4 h4 55. Ke3 h3 56. Qd6+ Kg2 57. Qd2+ Kg1 58. Qf2+ Kh1 59. Kf4 f5 60. Kg3 f4+ 61. Kxg4 h2 62. Qf1# 1-0

[Event "Eastern Asia-ch U12 Girls"]
[Site "Tornelo INT"]
[Date "2021.10.23"]
[Round "6"]
[White "Imani, Adrina"]
[Black "Kaavya, GS."]
[Result "1-0"]
[WhiteElo "1404"]
[BlackElo "1084"]
[PlyCount "83"]
[EventDate "2021.10.22"]
[EventType "swiss"]
[EventRounds "9"]
[EventCountry "NET"]
[SourceTitle "EXT 2023"]
[Source "ChessBase"]
[SourceDate "2022.10.05"]
[SourceVersion "1"]
[SourceVersionDate "2022.10.05"]
[SourceQuality "1"]

1. d4 e6 2. e4 d5 3. Nd2 c5 4. exd5 exd5 5. Ngf3 Nf6 6. Bb5+ Nbd7 7. 0-0 Be7 8. dxc5 Bxc5 9. Re1+ Be7 10. Qe2 a6 11. Bd3 Nc5 12. Nd4 Ne6 13. Nxe6 Bxe6 14. Nf3 Bg4 15. b3 Bxf3 16. gxf3 h6 17. Ba3 Ne4 18. Bxe7 Qxe7 19. fxe4 0-0 20. exd5 Qg5+ 21. Kh1 Qxd5+ 22. Qe4 Qxe4+ 23. Bxe4 Rab8 24. Rad1 b6 25. Bf3 Rfd8 26. Kg2 Kf8 27. Rxd8+ Rxd8 28. Rd1 Rc8 29. c4 a5 30. Rd6 Rb8 31. Bc6 Ke7 32. Rd7+ Kf6 33. Bd5 Rf8 34. Rd6+ Kf5 35. Rxb6 Kg4 36. Rb7 g5 37. Rxf7 Rd8 38. Rf6 h5 39. Rf3 h4 40. Bf7 h3+ 41. Rxh3 Rf8 42. Be6+ 1-0

[Event "Eastern Asia-ch U12 Girls"]
[Site "Tornelo INT"]
[Date "2021.10.23"]
[Round "4"]
[White "Imani, Adrina"]
[Black "Sreeha, G."]
[Result "1-0"]
[WhiteElo "1404"]
[BlackElo "1151"]
[PlyCount "79"]
[EventDate "2021.10.22"]
[EventType "swiss"]
[EventRounds "9"]
[EventCountry "NET"]
[SourceTitle "EXT 2023"]
[Source "ChessBase"]
[SourceDate "2022.10.05"]
[SourceVersion "1"]
[SourceVersionDate "2022.10.05"]
[SourceQuality "1"]

1. e4 c5 2. c3 d6 3. d4 cxd4 4. cxd4 Nf6 5. Bd3 Nc6 6. Nf3 Bg4 7. Be3 g6 8. 0-0 Bg7 9. h3 Bxf3 10. Qxf3 0-0 11. Nc3 a6 12. Rad1 Nb4 13. Bb1 Nc6 14. Qe2 Qc7 15. f4 Nh5 16. Qf2 Nf6 17. e5 dxe5 18. dxe5 Ne8 19. Nd5 Qa5 20. Bc5 e6 21. Nb6 Rd8 22. Rxd8 Nxd8 23. Nd7 Nc6 24. Nxf8 Bxf8 25. Bxf8 Kxf8 26. Rc1 h5 27. Be4 Qxa2 28. Bxc6 bxc6 29. Qc5+ Kg8 30. Qxc6 Ng7 31. Qa8+ Kh7 32. Qb7 Qa4 33. Qxf7 Qd4+ 34. Kh2 Qd8 35. Rc7 Qh8 36. Qxe6 Kh6 37. Qf6 Qg8 38. Qg5+ Kh7 39. f5 gxf5 40. Qxh5# 1-0

[Event "Eastern Asia-ch U12 Girls"]
[Site "Tornelo INT"]
[Date "2021.10.22"]
[Round "2"]
[White "Imani, Adrina"]
[Black "Hatvalne, Swarali"]
[Result "1-0"]
[WhiteElo "1404"]
[BlackElo "1090"]
[PlyCount "133"]
[EventDate "2021.10.22"]
[EventType "swiss"]
[EventRounds "9"]
[EventCountry "NET"]
[SourceTitle "EXT 2023"]
[Source "ChessBase"]
[SourceDate "2022.10.05"]
[SourceVersion "1"]
[SourceVersionDate "2022.10.05"]
[SourceQuality "1"]

1. e4 e5 2. Nc3 Nf6 3. Bc4 Nxe4 4. Qh5 Nd6 5. Bb3 Nc6 6. Nb5 g6 7. Qf3 Nf5 8. g4 Nh6 9. d3 f6 10. Qd5 Nb4 11. Qc4 c6 12. Bxh6 d5 13. Qc3 Bxh6 14. Qxb4 cxb5 15. Qxb5+ Qd7 16. Qa5 Qxg4 17. Qxd5 Qd7 18. Qc4 b5 19. Qd5 Bb7 20. Qxd7+ Kxd7 21. f3 a5 22. a4 b4 23. Kf2 Bf8 24. Ne2 Bc5+ 25. Kg3 h5 26. h4 f5 27. Rhf1 Bd6 28. Kh3 Be7 29. d4 Ba6 30. Rfe1 Bxe2 31. Rxe2 exd4 32. Re6 Rh6 33. Rg1 Rf8 34. Rgxg6 Rxg6 35. Rxg6 Rf6 36. Rg5 f4 37. Rxa5 Rg6 38. Bd5 Rg3+ 39. Kh2 Bxh4 40. Be4 Rg5 41. Ra7+ Kd6 42. Rb7 Be1 43. Rb6+ Kc7 44. Rc6+ Kd7 45. Rc4 Bg3+ 46. Kh3 Be1 47. Rxd4+ Ke6 48. b3 Rg3+ 49. Kh2 h4 50. Bd3 Rxf3 51. Re4+ Kd5 52. Rxe1 Kc5 53. Rf1 Rxf1 54. Bxf1 Kb6 55. Kh3 Kc5 56. Kxh4 f3 57. Kg3 f2 58. Kxf2 Kd4 59. a5 Kc5 60. a6 Kb6 61. Ke3 Ka7 62. Kd4 Kb6 63. Bc4 Ka7 64. Kc5 Ka8 65. Kb6 Kb8 66. a7+ Ka8 67. Bd5# 1-0

[Event "Wch FIDE Online U10 Girls Asia qual"]
[Site "Tornelo INT"]
[Date "2020.12.13"]
[Round "6"]
[White "Mohammadi, Melika"]
[Black "Imani, Adrina"]
[Result "1-0"]
[WhiteElo "1745"]
[BlackElo "1517"]
[PlyCount "107"]
[EventDate "2020.12.11"]
[EventType "swiss (rapid)"]
[EventRounds "7"]
[EventCountry "ISS"]
[SourceTitle "EXT 2022"]
[Source "ChessBase"]
[SourceDate "2021.10.06"]
[SourceVersion "1"]
[SourceVersionDate "2021.10.06"]
[SourceQuality "1"]

1. e4 c5 2. Nf3 Nc6 3. c3 Nf6 4. Bd3 e6 5. Bc2 d5 6. e5 Nd7 7. d4 Be7 8. 0-0 0-0 9. Qd3 g6 10. a3 Re8 11. Re1 Bf8 12. Nbd2 b6 13. Nf1 a5 14. Ne3 Ba6 15. Qd1 Rc8 16. Ng4 h5 17. Nh6+ Bxh6 18. Bxh6 Ne7 19. Bg5 Nf8 20. Qd2 Nh7 21. Bf6 Nxf6 22. exf6 Nf5 23. Bxf5 exf5 24. Rxe8+ Qxe8 25. Re1 Qf8 26. Ne5 Bb5 27. Qg5 cxd4 28. Nxg6 fxg6 29. Qxg6+ Kh8 30. Qxh5+ Kg8 31. Qg6+ Kh8 32. Re7 Qxe7 33. fxe7 dxc3 34. Qf6+ Kh7 35. Qxf5+ Kg7 36. Qxc8 cxb2 37. Qc3+ Kf7 38. Qxb2 Bc4 39. Qxb6 Kxe7 40. Qxa5 Kd7 41. Qc3 Kd6 42. h4 Kc5 43. h5 d4 44. Qd2 d3 45. h6 Bg8 46. Qxd3 Kc6 47. Qg6+ Kc5 48. Qxg8 Kd4 49. h7 Kd3 50. h8Q Kd2 51. Qd4+ Kc1 52. Qgc4+ Kb1 53. Qb3+ Kc1 54. Qdd1# 1-0

[Event "Wch FIDE Online U10 Girls Asia qual"]
[Site "Tornelo INT"]
[Date "2020.12.12"]
[Round "3"]
[White "Rice, Leah"]
[Black "Imani, Adrina"]
[Result "0-1"]
[WhiteElo "1143"]
[BlackElo "1517"]
[PlyCount "148"]
[EventDate "2020.12.11"]
[EventType "swiss (rapid)"]
[EventRounds "7"]
[EventCountry "ISS"]
[SourceTitle "EXT 2022"]
[Source "ChessBase"]
[SourceDate "2021.10.06"]
[SourceVersion "1"]
[SourceVersionDate "2021.10.06"]
[SourceQuality "1"]

1. d4 Nf6 2. Bf4 g6 3. Nf3 Bg7 4. e3 0-0 5. Be2 d6 6. 0-0 c5 7. c4 Nc6 8. Nc3 Nh5 9. Bg3 Nxg3 10. hxg3 b6 11. a3 Bb7 12. d5 Ne5 13. Nxe5 Bxe5 14. f4 Bg7 15. f5 Qd7 16. Bg4 Qd8 17. fxg6 hxg6 18. Qd2 Bc8 19. Bxc8 Rxc8 20. Rf3 Qd7 21. Raf1 a6 22. Qf2 e6 23. Ne4 exd5 24. cxd5 Qe7 25. Nf6+ Bxf6 26. Rxf6 Kg7 27. Qf4 Rcd8 28. e4 Rd7 29. g4 b5 30. g5 Re8 31. Re1 Qe5 32. Re2 Qxf4 33. Rxf4 Re5 34. Rg4 Rde7 35. Kf1 Rc7 36. Rc2 a5 37. b4 axb4 38. axb4 c4 39. Kf2 Ra7 40. Kf3 Ra4 41. Rb2 Ra3+ 42. Ke2 Rd3 43. Rb1 Rd4 44. Ke3 Rd3+ 45. Ke2 Ra3 46. Kd2 Ra2+ 47. Kc3 Ra3+ 48. Kd2 Ra2+ 49. Kc3 Re2 50. Kd4 Rc2 51. Ke3 Ra2 52. Kf3 Ra3+ 53. Ke2 Re7 54. Rb2 Rea7 55. Kd2 c3+ 56. Kc2 cxb2 57. Kxb2 Ra2+ 58. Kb1 Rf2 59. Rg3 Raa2 60. Rb3 Rae2 61. Ka1 Rf1+ 62. Rb1 Rxb1+ 63. Kxb1 Rxg2 64. Kc1 Rxg5 65. Kd2 Rg3 66. Kc2 g5 67. Kd2 g4 68. Ke2 Rb3 69. Kf2 g3+ 70. Kg2 Kg6 71. Kf1 Kg5 72. Kg2 Kg4 73. Kg1 Kf3 74. e5 Rb1# 0-1